000 00330 a2200157 4500
001 62686
020 _a9788502222496
040 _cAnchieta - Pituba
100 _aSalvador, Edgard
240 1 0 _aQuímica, volume 3
_lpor
245 1 0 _aQuímica, volume 3
300 _a606
362 0 _a2014
650 4 _aQuímica
942 _cBK
999 _c62686
_d62686